000 00824nam a22002417a 4500
005 20240530110914.0
008 220221s1995 ua c g b 000 0 ara d
017 _bمصر. دار الكتب
040 _aEG-CaGPL
_cEG-CaGPL
082 0 4 _221
_a418 /
_bب ع
100 0 _aبالمر . ف . ر
245 1 0 _aعلم الدلالة : اطار جديد /
_cبالمر . ف . ر
260 _aالاسكندرية :
_bدار المعرفة الجامعية،
_c1995
300 _c24
_a248 ص
650 _aاللغة العربية
_2qrmak
650 _aعلم الدلالة
_2qrmak
650 _aالنحو
_2qrmak
650 _aالسياق اللغوى
_2qrmak
651 _2qrmak
700 _aصبرى ابراهيم السيد
_eمترجم
942 _2ddc
_cBK
999 _c66363
_d66363